X-Men: Real Names & Aliases Quiz Stats

 Plays Quiz not verified by Sporcle

Score 0/54 Timer 10:00
0 Plays Today
% Correct
Wolverine
100%
Beast
98.2%
Magneto
97.4%
James Howlett
97.4%
Jean Grey
97.4%
Gambit
96.5%
Professor X
96.5%
Archangel
95.6%
Cyclops
95.6%
Colossus
95.6%
Storm
94.7%
Iceman
94.7%
Emma Frost
94.7%
Phoenix
93.9%
Jubilee
93%
Psylocke
93%
Charles Xavier
93%
Bishop
91.2%
Lucas Bishop
91.2%
White Queen
90.4%
Nightcrawler
90.4%
Scott Summers
89.5%
Rogue
88.6%
Banshee
86.8%
Shadowcat
86%
Namor
86%
Remy LeBeau
86%
% Correct
Bobby Drake
86%
Hank McCoy
85.1%
Kitty Pryde
84.2%
Warren Worthington
82.5%
Piotr Rasputin
82.5%
Magik
81.6%
Forge
81.6%
Forge
81.6%
Hope Summers
80.7%
Ororo Munroe
79.8%
Illyana Rasputin
78.9%
Longshot
77.2%
Unknown
77.2%
Kurt Wagner
76.3%
Jubilation Lee
75.4%
Betsy Braddock
75.4%
Hope
73.7%
Anna Marie
73.7%
Erik Lehnsherr
70.2%
Danger
64.9%
Danger Room
64.9%
Dazzler
63.2%
Xorn
59.6%
Shen Xorn
59.6%
Sean Cassidy
54.4%
Alison Blaire
48.2%
Namor McKenzie
45.6%

You're not logged in!

Compare scores with friends on all Sporcle quizzes.
OR
Log In

Sporcle TV

Today on Sporcle TV


Watch our educational content, quiz creation guides, and fun videos on Sporcle TV.

Show Comments

Extras

Top Quizzes Today


Score Distribution

Your Account Isn't Verified!

In order to create a playlist on Sporcle, you need to verify the email address you used during registration. Go to your Sporcle Settings to finish the process.

Report this User

Report this user for behavior that violates our Community Guidelines.

Details: